| 000 | 00946nam a22002537i 4500 | ||
|---|---|---|---|
| 005 | 20220131110104.0 | ||
| 008 | 220130s2020 my ||||g |||| 00| f may d | ||
| 020 |
_a9789671837955 _cRM35.00 _qpaperback |
||
| 040 |
_aPPAK _beng _cPPAK _erda |
||
| 082 | 0 | 4 |
_223 _a899.2333 |
| 090 | 0 | 0 |
_a899.2333 _bSUF _dG |
| 100 | 0 |
_aSufi Awliya, _eauthor. |
|
| 245 | 1 | 0 |
_aSETULUSNYA CINTA Safiyya / _cSUFI AWLIYA ; Editor : Editorial AHA Publication |
| 246 | 0 | 0 |
_aSetulusnya cinta Safiyya : _bandai hati dapat berbicara, akan ia nyatakan sebanyak mana cinta. Andai diri dipaksa pergi, pengorbanan ini sebagai bukti. |
| 264 | 1 |
_aBatu Caves, Selangor : _bAHA PUBLICATIONS, _c2020 |
|
| 300 |
_a627 pages ; _c18 cm. |
||
| 336 |
_2rdacontent _atext |
||
| 337 |
_2rdamedia _aunmediated |
||
| 338 |
_2rdacarrier _avolume |
||
| 650 | 1 | 0 | _aMalay fiction |
| 650 | 2 | 0 | _aMalaysian fiction (Malay) |
| 710 | 2 |
_aEditorial AHA Publication, _eeditor. |
|
| 942 |
_2ddc _cB |
||
| 999 |
_c187279 _d187279 |
||